[Event "COL-chT Interligas (Women)"]
[Site "Palmira"]
[Date "2019.04.28"]
[Round "3.3"]
[White "Gomez Saenz, Manuela"]
[Black "Murillo Becerra, Gabriela"]
[Result "0-1"]
[WhiteElo "1539"]
[BlackElo "1456"]
[PlyCount "32"]
[EventDate "2019.04.27"]
[EventType "team-swiss"]
[EventRounds "6"]
[EventCountry "COL"]
[SourceTitle "CBM 190 Extra"]
[Source "ChessBase"]
[SourceDate "2019.07.15"]
[SourceVersion "1"]
[SourceVersionDate "2019.07.15"]
[SourceQuality "1"]
[WhiteTeam "Caldas (W)"]
[BlackTeam "Valle Talentos Palmira (W)"]
[WhiteTeamCountry "COL"]
[BlackTeamCountry "COL"]

1. e4 e6 2. d4 d5 3. Nd2 Nf6 4. e5 Nfd7 5. Bd3 c5 6. c3 Nc6 7. Ne2 cxd4 8. cxd4 f6 9. exf6 Nxf6 10. 0-0 Bd6 11. Nf3 0-0 12. Nc3 a6 13. Bg5 Qc7 14. Bh4 Bd7 15. Re1 Rae8 16. a3 Ng4 0-1

[Event "COL-ch sf (Women)"]
[Site "Palmira"]
[Date "2017.05.19"]
[Round "7"]
[White "Benavides, Saray"]
[Black "Murillo Becerra, Gabriela"]
[Result "0-1"]
[WhiteElo "1300"]
[BlackElo "1384"]
[PlyCount "35"]
[EventDate "2017.05.15"]
[EventType "swiss"]
[EventRounds "7"]
[EventCountry "COL"]
[SourceTitle "CBM 178 Extra"]
[Source "ChessBase"]
[SourceDate "2017.06.22"]
[SourceVersion "1"]
[SourceVersionDate "2017.06.22"]
[SourceQuality "1"]

1. e4 e5 2. Nf3 Nc6 3. Bc4 Bc5 4. 0-0 Nf6 5. d3 h6 6. Be3 d6 7. Qe1 0-0 8. Nc3 Bg4 9. h3 Bxf3 10. Qd2 Bh5 11. Rfe1 a6 12. Nd5 Nxd5 13. exd5 Bb4 14. c3 Na5 15. cxb4 Nxc4 16. dxc4 Qf6 17. Rac1 Rac8 18. c5 0-1